| 000 | 00369pam a2200157 a 4500 | ||
|---|---|---|---|
| 020 | _c | ||
| 041 | _aeng | ||
| 082 | _bDEV | ||
| 100 | _aDevine p.J. | ||
| 245 |
_aAn Introduction To Industrial Economics _hTextual Documents |
||
| 250 | _a1979. | ||
| 260 |
_a[s.l]: _bGeorge Allen & Union. |
||
| 300 | _a502pg. | ||
| 700 |
_aLee N.Jones. _aTysen W.J. |
||
| 930 | _a12870 | ||
| 999 |
_c89772 _d89772 |
||